Normal view
MARC view
- اللاجئون الفلسطينون-الحماية الدولية-حقوق الانسان-القانون الدولي
Entry Topical Term
001 - CONTROL NUMBER
- control field: 63852
003 - CONTROL NUMBER IDENTIFIER
- control field: JO-AjAnu
005 - DATE AND TIME OF LATEST TRANSACTION
- control field: 20230606084424.0
008 - FIXED-LENGTH DATA ELEMENTS
- fixed length control field: 230606|| aca||aabn | a|a d
040 ## - CATALOGING SOURCE
- Original cataloging agency: JO-AjAnu
- Transcribing agency: JO-AjAnu
150 ## - HEADING--TOPICAL TERM
- Topical term or geographic name entry element: اللاجئون الفلسطينون-الحماية الدولية-حقوق الانسان-القانون الدولي
670 ## - SOURCE DATA FOUND
- Source citation: Work cat.: (JO-AjAnu)32552: حكيم، العمري, author 63851, الحماية الدولية للاجئين على ضوء احكام القانون الدولي: دراسة حالة اللاجئين الفلسطينين